000 00364nam a2200145Ia 4500
003 OSt
008 200919s9999||||xx |||||||||||||| ||und||
041 _amal
082 _a894.812 3
_bKHA-C
100 _aKhader U K
_95708
245 0 _aChangala
260 _aKozhikode
_bMathrubhumi Printing & Publishing Co-operative Limited
_c1985
300 _a264p
942 _cBK
999 _c18005
_d18005